书目信息 |
| 题名: |
抹灰工长便携手册
|
|
| 作者: | 李国年 编 | |
| 分册: | ||
| 出版信息: | 北京 机械工业出版社 2005.01 |
|
| 页数: | 239页 | |
| 开本: | 16cm | |
| 丛书名: | 建筑工程工长便携手册 | |
| 单 册: | ||
| 中图分类: | TU754.2-62 | |
| 科图分类: | ||
| 主题词: | 抹灰--mo hui--手册 | |
| 电子资源: | ||
| ISBN: | 7-111-15416-9 | |
| 000 | 00908nam 2200241 450 | |
| 001 | 0171321827 | |
| 005 | 20050922161554.53 | |
| 010 | @a7-111-15416-9@dCNY15.00 | |
| 100 | @a20050422d2005 km y0chiy0120 ea | |
| 101 | 0 | @achi |
| 102 | @aCN@b110000 | |
| 105 | @aa z 000yy | |
| 200 | 1 | @a抹灰工长便携手册@Amo hui gong chang bian xie shou ce@f李国年等编@Fli guo nian deng bian |
| 210 | @a北京@c机械工业出版社@d2005.01 | |
| 215 | @a239页@c图@d16cm | |
| 225 | 2 | @a建筑工程工长便携手册@Ajian zhu gong cheng gong chang bian xie shou ce |
| 330 | @a本书重点介绍了抹灰层的构造组成、基层处理、装饰抹灰的施工技术、地面工程等的技术要点,以及常见质量缺陷与预防、施工质量控制及工程质量验收标准等实用技术。 | |
| 410 | 0 | @12001 @a建筑工程工长便携手册 |
| 606 | 0 | @a抹灰@Amo hui@x手册 |
| 690 | @aTU754.2-62@v4 | |
| 701 | 0 | @a李国年@Ali guo nian@4编 |
| 801 | 0 | @aCN@bQSSK@c20050922 |
| 905 | @a10447@dTU754.2-62@eL164 | |
| 抹灰工长便携手册/李国年等编.-北京:机械工业出版社,2005.01 |
| 239页:图;16cm.-(建筑工程工长便携手册) |
| ISBN 7-111-15416-9:CNY15.00 |
| 本书重点介绍了抹灰层的构造组成、基层处理、装饰抹灰的施工技术、地面工程等的技术要点,以及常见质量缺陷与预防、施工质量控制及工程质量验收标准等实用技术。 |
| ● |
| 相关链接 |
|
|
|
正题名:抹灰工长便携手册
索取号:TU754.2-62/L164
 
预约/预借
| 序号 | 登录号 | 条形码 | 馆藏地/架位号 | 状态 | 备注 |
| 1 | 525146 | 205251467 | 建筑库201/201建筑库 72排2列3层/ [索取号:TU754.2-62/L164] | 在馆 | |
| 2 | 525147 | 205251476 | 建筑库201/201建筑库 72排2列3层/ [索取号:TU754.2-62/L164] | 在馆 | |
| 3 | 525148 | 205251485 | 建筑库201/201建筑库 72排2列3层/ [索取号:TU754.2-62/L164] | 在馆 |